[Event "XXXVII Abierto Internacional "]
[Site "Sevilla (SPAIN)"]
[Date "2012.??.??"]
[Round "6"]
[White "Lasinskas, Povilas"]
[Black "Campora, Daniel H"]
[Result "0-1"]
[WhiteElo "2138"]
[BlackElo "2490"]
[Annotator "Montecatine,R"]
[PlyCount "68"]
[EventDate "2012.01.07"]
[SourceDate "2012.01.07"]

1. d4 Nf6 2. c4 e6 3. Nf3 d5 4. Bg5 h6 5. Bh4 g5 6. Bg3 Ne4 {Diagrama #} 7. e3
(7. Nc3 Bb4 8. Qc2) 7... h5 8. h3 Nxg3 9. fxg3 Bd6 10. Kd2 (10. Kf2) 10... Bxg3
$15 11. Nc3 c6 12. Qc2 Nd7 13. Bd3 f5 14. cxd5 cxd5 15. Bxf5 (15. Rac1) 15...
exf5 16. Qxf5 Qf6 (16... Ne5 $19) 17. Qxd5 Nb6 18. Qb3 (18. Qxg5 Qxg5 19. Nxg5
Nc4+ 20. Ke2 Nxb2 $17) 18... Qe7 19. Rhf1 (19. Qb5+ Bd7 20. Qxg5) 19... Bd7 $19
20. a4 Rc8 21. Nd5 Nxd5 22. Qxd5 Qb4+ 23. Kd3 Qxb2 24. Nd2 Rc3+ 25. Ke2 Rc2 26.
Rad1 Qa2 27. Qe4+ Kd8 28. Kd3 Re8 29. Qf3 Bxa4 30. Qf6+ Kc8 31. Qxg5 Rc3+ 32.
Kxc3 Qc2+ 33. Kb4 Bd6+ 34. Ka5 Qc3+ 0-1

[Event "XXXVII Abierto Internacional "]
[Site "Sevilla (SPAIN)"]
[Date "2012.??.??"]
[Round "6"]
[White "Morales Araujo, Francisco Javie"]
[Black "Fernandez Romero, Ernesto"]
[Result "0-1"]
[WhiteElo "2112"]
[BlackElo "2471"]
[Annotator "Montecatine,R"]
[PlyCount "86"]
[EventDate "2012.01.07"]
[SourceDate "2012.01.07"]

1. d4 Nf6 2. c4 e6 3. Nc3 Bb4 4. f3 c5 5. a3 Bxc3+ 6. bxc3 Nc6 7. e3 d6 8. Nh3
e5 9. Nf2 O-O 10. d5 (10. Be2) 10... Na5 11. Bd3 b6 12. Rb1 (12. O-O) 12... Ba6
13. Qe2 e4 (13... Qe8) 14. Nxe4 Nxe4 15. Bxe4 (15. fxe4 Qf6 16. Bd2 Rae8 $44)
15... Bxc4 $15 16. Qc2 (16. Bd3 Bxd5 17. Bxh7+ Kxh7 18. Qd3+ f5 19. Qxd5 Qh4+
20. g3 Qf6 $15) 16... Qh4+ $17 17. g3 Qh5 18. g4 Qh3 19. Kf2 g6 20. Bb2 Qh4+
21. Kg1 $2 (21. Kg2 f5 22. gxf5 gxf5 23. Bd3 Rae8 $17) 21... Rae8 22. Qf2 Qxf2+
23. Kxf2 {Diagrama #} Rxe4 (23... f5 24. gxf5 Rxe4 25. fxe4 Bd3 26. Rbd1 Bxe4
27. Rhf1 Nc4 28. Bc1 Rxf5+ $17) 24. fxe4 Bd3 25. Rbd1 Bxe4 26. Rhg1 Nc4 27. Bc1
Re8 28. g5 Re5 29. Rg4 b5 30. Rxe4 (30. Rf4) 30... Rxe4 $19 31. Kf3 Re8 32. e4
Kf8 33. Bf4 Ke7 34. Ra1 a5 35. Ke2 f5 36. exf5 gxf5 37. h4 Kf7+ 38. Kf3 Rb8 39.
Re1 b4 40. axb4 axb4 41. cxb4 cxb4 42. Ke2 Re8+ 43. Kd1 Nb2+ 0-1

[Event "XXXVII Abierto Internacional "]
[Site "Sevilla (SPAIN)"]
[Date "2012.??.??"]
[Round "6"]
[White "Mcmahon, Daire"]
[Black "Barrero Garcia, Carlos"]
[Result "0-1"]
[WhiteElo "2226"]
[BlackElo "2370"]
[Annotator "Montecatine,R"]
[PlyCount "80"]
[EventDate "2012.01.07"]
[SourceDate "2012.01.07"]

1. d4 Nf6 2. c4 g6 3. Nc3 Bg7 4. e4 O-O 5. Be2 d6 6. Bg5 a6 7. Qd2 c5 8. d5 b5
9. cxb5 axb5 10. Bxb5 Qa5 11. a4 Ba6 12. f3 Bxb5 13. Nxb5 {Diagrama #} Qxb5 $5
14. axb5 Rxa1+ 15. Ke2 Nbd7 16. Qc2 Rb8 17. Bc1 Rxb5 18. Nh3 Ne8 19. Rd1 Nc7
20. Nf2 $14 Ra7 21. Rd3 (21. Kf1) 21... Rab7 (21... e6 $5) 22. Nd1 h6 23. Ra3
Kh7 24. h4 R5b6 25. Nc3 Ne5 26. Ra4 (26. b3) 26... h5 27. f4 Ng4 28. e5 Nb5 29.
Nxb5 Rxb5 30. Ra8 dxe5 31. f5 Nf6 32. fxg6+ fxg6 33. Rd8 Bh6 {Diagrama #} 34.
Kd3 $2 (34. Kd1) 34... Rb3+ $19 35. Kc4 R3b4+ (35... R7b4+ 36. Kxc5 Bxc1 37.
Qxc1 Rb7 $19) 36. Kd3 e4+ 37. Ke2 Bxc1 38. Qxc1 Rxb2+ 39. Ke3 Ng4+ 40. Kxe4
Nf2+ 0-1

[Event "XXXVII Abierto Internacional "]
[Site "Sevilla (SPAIN)"]
[Date "2012.??.??"]
[Round "6"]
[White "Barrantes Munoz, Hugo Pedro"]
[Black "Bykov, Alexey"]
[Result "1/2-1/2"]
[WhiteElo "2211"]
[BlackElo "2337"]
[Annotator "Montecatine,R"]
[PlyCount "53"]
[EventDate "2012.01.07"]
[SourceDate "2012.01.07"]

1. Nf3 d5 2. c4 e6 3. g3 Nf6 4. Bg2 dxc4 5. Na3 Bxa3 6. bxa3 O-O 7. Bb2 c5 8.
Ne5 Nd5 9. Nxc4 Nc6 10. O-O b6 11. Rc1 Bb7 12. d4 b5 13. Ne5 Nxe5 14. dxe5 Rc8
15. e4 Nb6 16. Qg4 Nc4 17. Bc3 Rc7 18. Rfd1 Rd7 19. Bf1 h5 20. Qxh5 Bxe4 21.
Rxd7 Qxd7 22. Rd1 Qc6 (22... Bd5) 23. Qh4 Nxa3 (23... Bd5) 24. Rd8 Rxd8 (24...
f5 25. exf6 Rxd8 26. f7+ Kxf7 27. Qxd8 Nc2 28. Qb8 $11) 25. Qxd8+ {Diagrama #}
Kh7 26. Qh4+ Kg8 27. Qd8+ 1/2-1/2

[Event "XXXVII Abierto Internacional "]
[Site "Sevilla (SPAIN)"]
[Date "2012.??.??"]
[Round "6"]
[White "Mirzoev, Azer"]
[Black "Sengupta, Deep"]
[Result "1/2-1/2"]
[WhiteElo "2523"]
[BlackElo "2562"]
[Annotator "Montecatine,R"]
[PlyCount "144"]
[EventDate "2012.01.07"]
[SourceDate "2012.01.07"]

1. Nf3 d5 2. d4 Nf6 3. c4 dxc4 4. e3 e6 5. Bxc4 a6 6. O-O c5 7. dxc5 Bxc5 8.
Qxd8+ Kxd8 9. Rd1+ Ke7 10. Be2 Bd7 11. Nbd2 Rd8 12. Nb3 Bb6 13. Ne5 Nc6 14.
Nxd7 Rxd7 15. Rxd7+ Nxd7 16. Bd2 Rd8 17. Bc3 Nde5 18. g3 f6 19. Kg2 Rd7 20. h4
Nd3 21. h5 Ndb4 22. a3 Nd5 23. Be1 f5 24. Rc1 Ne5 25. Na5 Kf7 26. Nc4 Nxc4 27.
Bxc4 Rc7 28. Bd2 Nf6 29. Be2 Ne4 30. Rxc7+ Bxc7 31. Bc3 Bd8 32. Bd4 Bf6 33.
Bxf6 Kxf6 {Diagrama #} 34. f4 a5 35. Bd3 Nc5 36. Bc2 h6 37. Kf3 e5 38. Ke2 Ke6
39. Kd2 Nd7 40. Bb3+ Kd6 41. Bc2 Nf6 42. Bxf5 Nxh5 43. g4 Nf6 44. Kd3 g5 45.
fxg5 hxg5 46. Bc8 b6 47. Bf5 Kd5 48. Bc8 Kc5 49. Be6 b5 50. Bf5 b4 51. a4 Kd5
52. Bc8 Ne8 53. Bb7+ Kc5 54. b3 Nf6 55. Bc8 e4+ 56. Kd2 Kd6 57. Bf5 Ke5 58. Bc8
Ne8 59. Bd7 Nd6 60. Be6 Nb7 61. Bc8 Nd8 62. Bd7 Nb7 63. Bc8 Nc5 64. Kc2 Nd3 65.
Kd2 Kd6 66. Bf5 Ne5 67. Bc8 Kc5 68. Bf5 Kd5 69. Bc8 Ng6 70. Bb7+ Ke5 71. Bc8
Ne7 72. Bb7 Ng8 1/2-1/2

[Event "XXXVII Abierto Internacional "]
[Site "Sevilla (SPAIN)"]
[Date "2012.??.??"]
[Round "6"]
[White "Herraiz Hidalgo, Herminio"]
[Black "Matamoros Franco, Carlos S"]
[Result "1-0"]
[WhiteElo "2469"]
[BlackElo "2552"]
[Annotator "Montecatine,R"]
[PlyCount "89"]
[EventDate "2012.01.07"]
[SourceDate "2012.01.07"]

1. d4 Nf6 2. c4 g6 3. Nc3 Bg7 4. e4 d6 5. Be2 O-O 6. Nf3 e5 7. O-O Nc6 8. dxe5
dxe5 9. Bg5 Be6 10. Qxd8 Raxd8 11. Nd5 Bxd5 12. cxd5 Nb8 (12... Ne7 13. Nxe5 h6
14. Bxf6 Bxf6 15. Ng4 Bg7 16. Rac1 c6 17. dxc6 Nxc6 18. Rfd1 Bxb2 19. Rb1 Rxd1+
20. Bxd1 Rd8 21. Nxh6+ Kg7 22. Ng4 Rd2 23. Ne3 Na5 24. Kf1 Bd4 25. Bb3 Bxe3 26.
fxe3 Nxb3 27. axb3 Kf6 28. Ra1 a6 29. Ra4 Rd3 30. Rb4 Rxe3 31. Kf2 Rc3 32. Rxb7
a5 33. Rb5 Rc2+ 34. Kf3 Rb2 35. h4 Kg7 36. g4 Ra2 37. h5 Ra3 38. Kf4 a4 39.
bxa4 Rxa4 40. hxg6 Kxg6 41. Rb6+ Kg7 42. Kf5 Ra1 43. Rb7 Rf1+ 44. Kg5 Re1 45.
Re7 Kf8 46. Re5 Kg7 47. Re8 f6+ 48. Kf4 Rf1+ 49. Kg3 Kf7 50. Ra8 Ke6 51. Re8+
Kf7 52. Ra8 Ke6 53. Re8+ Kf7 54. Ra8 Ke6 {
1/2-1/2 (54) Guglielmi,N-Caresana,A/Eporediese 2001}) 13. Rac1 c6 14. Bc4 h6
15. Bxf6 Bxf6 16. a3 Rd6 17. Rfd1 Rfd8 18. Kf1 Kf8 19. Ke2 Ke7 20. dxc6 Rxd1
21. Rxd1 Nxc6 22. Rxd8 Nxd8 23. Bd5 Bg7 24. g3 f5 25. Nd2 Kf6 (25... b6) 26.
Nc4 {Diagrama #} b5 $2 (26... Bf8 27. b4 b6 28. Kd3 h5 $11) 27. Nd6 Bf8 28.
Nxb5 a5 29. Nc3 h5 30. Na4 f4 31. Nb6 Bd6 32. Nc4 Bc7 33. b4 axb4 34. axb4 g5
35. h3 g4 36. hxg4 hxg4 37. b5 Ke7 38. Kd3 Ne6 39. Bxe6 Kxe6 40. b6 Bb8 41. Na5
Kd7 42. Kc4 Bd6 43. Kd5 fxg3 44. fxg3 Bb4 45. Nc6 1-0

[Event "XXXVII Abierto Internacional "]
[Site "Sevilla (SPAIN)"]
[Date "2012.??.??"]
[Round "6"]
[White "Haslinger, Stewart G"]
[Black "Komljenovic, Davorin"]
[Result "1-0"]
[WhiteElo "2534"]
[BlackElo "2457"]
[Annotator "Montecatine,R"]
[PlyCount "63"]
[EventDate "2012.01.07"]
[SourceDate "2012.01.07"]

1. e4 c5 2. Nf3 Nc6 3. d4 cxd4 4. Nxd4 Nf6 5. Nc3 d6 6. Bg5 g6 7. Bxf6 exf6 8.
Bc4 $14 Bg7 9. Ndb5 O-O 10. Qxd6 a6 11. Qxd8 Rxd8 12. Nc7 Ra7 13. N7d5 b5 14.
Bb3 f5 15. O-O-O Nd4 (15... Kf8 16. exf5 Bxf5 17. Ne3 Rxd1+ 18. Rxd1 Bd7 19.
Ne4 Nd4 20. Nc5 Be8 21. c3 Nxb3+ 22. axb3 a5 23. Rd8 Rc7 24. Ne4 Ke7 25. Rd2
Rc6 26. g4 h6 27. f3 Kf8 28. Rd8 Be5 29. Nd5 Bxh2 30. Nef6 Re6 31. c4 bxc4 32.
bxc4 Be5 33. Nd7+ Kg7 34. Nc5 Bc6 35. Nxe6+ fxe6 36. f4 Bd4 37. Rd6 Bxd5 38.
cxd5 exd5 39. Rxd5 Be3+ 40. Kd1 Bxf4 41. Rxa5 Kf6 42. Ke2 Ke6 43. Kf3 Bd6 44.
Ke4 Be7 45. Ra6+ Kf7 46. Ra5 Ke6 47. Re5+ Kd7 48. b3 Bd6 49. Rd5 Kc6 50. Kd4
Be7 51. Kc4 Bd6 52. Rd1 Bg3 53. Rh1 Bf4 54. Rf1 Be5 55. Rf7 {
1-0 (55) Smirin,I (2647)-Makarov,M (2510)/Rijeka 2010}) 16. Rhe1 Rad7 (16...
fxe4 17. Rxe4 Nxb3+ 18. axb3 Kf8 $14) 17. e5 (17. exf5 $14) 17... Nxb3+ 18.
axb3 Bb7 19. Nf6+ Bxf6 20. exf6 Rxd1+ 21. Rxd1 Rxd1+ 22. Kxd1 Bxg2 23. Ke2 {
Diagrama #} b4 (23... Bb7 24. Ke3 Kf8 25. Kd4 Ke8 26. Kc5 Kd7 27. Kb6 $18) 24.
Na4 g5 25. Ke3 f4+ 26. Kd4 h6 27. Ke5 $18 (27. c3 $18) 27... Kh7 28. c4 Bc6 29.
Nc5 a5 30. Ne6 h5 31. c5 h4 32. Nd4 {Ilegible} 1-0

[Event "XXXVII Abierto Internacional "]
[Site "Sevilla (SPAIN)"]
[Date "2012.??.??"]
[Round "6"]
[White "Zozulia, Anna"]
[Black "Rizouk, Aimen"]
[Result "0-1"]
[WhiteElo "2357"]
[BlackElo "2539"]
[Annotator "Montecatine,R"]
[PlyCount "48"]
[EventDate "2012.01.07"]
[SourceDate "2012.01.07"]

1. e4 e5 2. Nf3 Nc6 3. Bb5 a6 4. Ba4 Nf6 5. O-O Be7 6. Re1 b5 7. Bb3 O-O 8. h3
Bb7 9. d3 d5 10. exd5 Nxd5 11. Nbd2 f6 12. a3 (12. Ne4 Kh8 13. d4 exd4 14. Nxd4
Nxd4 15. Qxd4 Re8 16. Bd2 Nb6 17. Qxd8 Raxd8 18. Ba5 Bf8 19. Nc3 Bd6 20. a4
Rxe1+ 21. Rxe1 Nc4 22. Bxc4 bxc4 23. Ne4 Be5 24. Nd2 c3 25. Bxc3 Bxc3 26. bxc3
Bc6 27. Nb3 Bxa4 28. Nc5 Bb5 29. Re4 a5 30. c4 Be8 31. Re7 Rc8 32. Kf1 a4 33.
Ke1 a3 34. Kd2 a2 35. Re1 Bc6 36. g3 Ra8 37. Ra1 g5 38. Kc3 Ra3+ 39. Nb3 Ra4
40. Nd4 Bd7 41. h4 gxh4 42. gxh4 c5 43. Nb3 Be6 44. Nd2 Kg7 45. Kb3 Rb4+ 46.
Kc3 Ra4 47. Kb3 Rb4+ 48. Kc3 Ra4 {
1/2-1/2 (48) Shirov,A (2739)-Bacrot,E (2695)/Moscow 2007}) 12... Kh8 13. Ne4
Na5 14. Ba2 c5 15. Bd2 Nc6 16. c3 Qd7 17. b4 cxb4 18. axb4 Rfd8 19. Bb1 a5 20.
bxa5 Rxa5 21. Rxa5 Nxa5 22. Qc2 Nf4 23. d4 Nxh3+ 24. Kh2 Qf5 {
Diagrama # ilegible} 0-1

[Event "XXXVII Abierto Internacional "]
[Site "Sevilla (SPAIN)"]
[Date "2012.??.??"]
[Round "6"]
[White "Das, Arghyadip"]
[Black "Munoz Martin, Pablo"]
[Result "1-0"]
[WhiteElo "2459"]
[BlackElo "2243"]
[Annotator "Montecatine,R"]
[PlyCount "109"]
[EventDate "2012.01.07"]
[SourceDate "2012.01.07"]

1. c4 Nf6 2. Nc3 g6 3. e4 d6 4. d4 Bg7 5. Be2 O-O 6. Bg5 c5 7. d5 h6 8. Bf4 b5
9. cxb5 a6 10. a4 Qa5 11. Qd2 Kh7 12. f3 Nbd7 13. Nh3 Nh5 14. Be3 Ne5 $2 (14...
axb5 15. Bxb5 Ne5 16. Nf2 Ba6) 15. Nf2 $16 g5 16. g3 Nf6 17. g4 Ng6 18. h4 gxh4
19. f4 Rh8 (19... axb5 20. f5 Ne5 21. Rxh4 Ng8 22. Nxb5) 20. f5 Ne5 21. Rxh4
Kg8 22. Bxh6 Ne8 23. Bxg7 Rxh4 24. Bxe5 f6 25. Bg3 Rh7 26. Kf1 Bd7 27. bxa6 Rb8
28. Kg2 Rb4 29. Bf4 Nc7 30. Nd3 Rb8 31. Nb5 Rxb5 32. Qxa5 Rxa5 33. b4 cxb4 34.
Nxb4 Rxa4 35. Rxa4 Bxa4 36. a7 Kf7 37. Ba6 Rg7 38. Kg3 Bd1 39. g5 fxg5 40. Be3
Rg8 41. Bb7 Ba4 42. Na6 Nb5 43. a8=Q Rxa8 44. Bxa8 Nc3 45. Bxg5 Bc2 46. Nb4
Bxe4 47. Kf4 Bg2 48. Bc6 Ne4 49. Bd7 Nxg5 50. Kxg5 Be4 51. Be6+ Kf8 52. Nc6 Bc2
53. Kh6 Bd3 54. Nxe7 Kxe7 55. Kg7 1-0

[Event "XXXVII Abierto Internacional "]
[Site "Sevilla (SPAIN)"]
[Date "2012.??.??"]
[Round "6"]
[White "Roy Chowdhury, Saptarshi"]
[Black "Diaz Castro, Sergio"]
[Result "0-1"]
[WhiteElo "2414"]
[BlackElo "2211"]
[Annotator "Montecatine,R"]
[PlyCount "122"]
[EventDate "2012.01.07"]
[SourceDate "2012.01.07"]

1. e4 c5 2. Nf3 d6 3. c3 Nf6 4. Be2 Bg4 5. O-O e6 6. h3 Bh5 7. d3 d5 8. exd5
Nxd5 9. d4 Nc6 10. a3 Rc8 11. dxc5 Bxc5 12. c4 Nb6 13. Nbd2 O-O 14. b4 Be7 15.
Bb2 a5 16. b5 Nb8 17. Bc3 Bxf3 18. Bxf3 Nxc4 19. Bxb7 (19. Nxc4 Rxc4 20. Qb3
$11) 19... Ne3 20. Qb3 (20. fxe3 Rxc3 $17) 20... Nxf1 21. Rxf1 Rc5 $15 22. Ne4
Rf5 23. Ng3 Rg5 {Diagrama #} 24. Bf3 $2 (24. Ne4) 24... Qb6 $19 25. Ne4 Rxb5
26. Qc4 Nc6 27. a4 Rf5 28. Be2 Rd8 29. Qa2 Nb4 30. Qa1 Bf8 31. Ng3 Rg5 32. Ne4
Rg6 33. Bh5 Rh6 34. Bf3 Nc2 35. Qc1 Nd4 36. Bxd4 Rxd4 37. Qc2 f5 38. Ng3 g5 39.
Rb1 Qd6 40. Rb7 Rf6 41. Qb3 Rb4 42. Rxb4 Qxb4 43. Qc2 Bc5 44. Be2 Qe1+ 45. Bf1
Qe5 46. Ne2 g4 47. g3 gxh3 48. Nf4 h2+ 49. Kxh2 Rh6+ 50. Bh3 Qd4 51. Nd3 Qe4
52. Qd1 Bd6 53. f4 Qe3 54. Kg2 Rg6 55. Qf3 Qxf3+ 56. Kxf3 Rg7 57. Bf1 Rc7 58.
Be2 Rc3 59. Ke3 Bc5+ 60. Kd2 Bd4 61. Bd1 Kf7 0-1

[Event "XXXVII Abierto Internacional "]
[Site "Sevilla (SPAIN)"]
[Date "2012.??.??"]
[Round "6"]
[White "Burmakin, Vladimir"]
[Black "Aranaz Murillo, Amalia"]
[Result "1-0"]
[WhiteElo "2593"]
[BlackElo "2229"]
[Annotator "Montecatine,R"]
[PlyCount "99"]
[EventDate "2012.01.07"]
[SourceDate "2012.01.07"]

1. d4 Nf6 2. Nf3 d5 3. c4 e6 4. Nc3 Be7 5. Bg5 h6 6. Bh4 O-O 7. e3 b6 8. cxd5
Nxd5 9. Bxe7 Qxe7 10. Nxd5 exd5 11. Rc1 Be6 12. Bd3 c5 13. b3 Nd7 14. O-O a5
15. Bb5 Rfc8 16. h3 (16. Qe2 Nf6 17. Ne5 Bd7 18. Nxd7 Nxd7 19. Rfd1 Nf6 20. Rc2
Rc7 21. Rdc1 Rd8 22. Qe1 Ra8 23. Qd1 Rd8 24. g3 Qd6 25. Bf1 Rdc8 26. Bh3 Rd8
27. Qd3 a4 28. Qb5 axb3 29. axb3 Ne4 30. Bf5 Ng5 31. h4 Ne6 32. Bxe6 fxe6 33.
dxc5 bxc5 34. Rxc5 Rxc5 35. Qxc5 Qxc5 36. Rxc5 Rb8 37. Rc3 Kf7 38. Kf1 Rb4 39.
Ke2 Kf6 40. Kd3 Kf5 41. Kc2 g6 42. Rc6 e5 43. Kc3 Rb7 44. f3 d4+ 45. exd4 exd4+
46. Kc4 Rd7 47. Ra6 Ke5 48. Ra5+ Ke6 49. Ra1 Ke5 50. Re1+ Kf5 51. Re4 d3 52.
Re1 g5 53. hxg5 hxg5 54. Rd1 g4 55. Rxd3 Rc7+ 56. Kb5 gxf3 57. Rxf3+ Kg4 58.
Rd3 {1-0 (58) Velikov,P (2485)-Psaila,M/Thessaloniki 1984}) 16... g6 17. Qe2
Nf6 18. Ne5 cxd4 19. Rxc8+ Rxc8 20. Nc6 Qd6 21. Nxd4 Ne4 22. Bd3 Bd7 23. Qb2
Qe5 24. b4 Ng5 (24... Qg5 $11) 25. Rc1 Rxc1+ 26. Qxc1 $14 Ne6 27. Nf3 Qd6 28.
bxa5 bxa5 29. Qc3 Nc5 30. Bc2 a4 31. Qa5 (31. Ne5) 31... Kg7 32. Nd4 Ne4 33.
Qd8 a3 34. Qa5 Qc5 35. Qxc5 Nxc5 36. Kf1 Bc8 37. Bd1 {Diagrama #} Ne4 $6 (37...
Nd3 38. Nb5 Nc1 $11) 38. Ke1 Ba6 $2 (38... Nc5 39. f3 Kf6 40. Nc2 $14) 39. Bb3
Bc4 (39... Nc5 40. Bxd5 Nd3+ 41. Kd2 Nxf2 42. Nc2 $16) 40. Bxc4 dxc4 41. Nb5
$16 Nc5 42. Nxa3 Nd3+ 43. Kd2 Nb4 44. Kc3 Nxa2+ 45. Kxc4 Kf6 46. Nc2 Nc1 47.
Nb4 g5 48. Kc3 h5 49. Kc2 Ne2 50. Kd2 1-0

[Event "XXXVII Abierto Internacional "]
[Site "Sevilla (SPAIN)"]
[Date "2012.??.??"]
[Round "6"]
[White "Mellado Trivino, Juan"]
[Black "Romero Sanchez, Jesus"]
[Result "1-0"]
[WhiteElo "2435"]
[BlackElo "2172"]
[Annotator "Montecatine,R"]
[PlyCount "61"]
[EventDate "2012.01.07"]
[SourceDate "2012.01.07"]

1. e4 e6 2. d4 d5 3. Bd3 dxe4 4. Bxe4 Nf6 5. Bf3 c5 6. Ne2 Nc6 7. Be3 cxd4 8.
Nxd4 Ne5 9. O-O Be7 10. Nc3 O-O 11. Qe2 a6 12. Rad1 Qc7 13. Rfe1 Ng6 (13...
Nxf3+ 14. Qxf3 Bd7 $11) 14. Ne4 Nd5 15. Bg5 f6 16. Bc1 Ndf4 17. Bxf4 Nxf4 18.
Qe3 e5 19. Ne2 Nxe2+ 20. Rxe2 Be6 21. Nc3 Rad8 22. Bd5 Bxd5 23. Nxd5 {
Diagrama #} Qc5 $2 (23... Bc5 24. Qb3 Kh8 $11) 24. Qb3 Kh8 25. Qxb7 Bd6 $2 (
25... f5 $16) 26. Qxa6 $18 Ra8 27. Qd3 e4 28. Rxe4 Be5 29. b4 Qa7 30. a4 Rfd8
31. a5 1-0

[Event "XXXVII Abierto Internacional "]
[Site "Sevilla (SPAIN)"]
[Date "2012.??.??"]
[Round "6"]
[White "Teran Alvarez, Ismael"]
[Black "Perez Garcia, Roberto"]
[Result "1-0"]
[WhiteElo "2422"]
[BlackElo "2185"]
[Annotator "Montecatine,R"]
[PlyCount "107"]
[EventDate "2012.01.07"]
[SourceDate "2012.01.07"]

1. e4 e6 2. d4 d5 3. Nc3 Bb4 4. e5 c5 5. a3 Bxc3+ 6. bxc3 Ne7 7. h4 Qa5 8. Bd2
Qa4 9. Qb1 c4 10. h5 h6 11. f4 Nbc6 12. Nf3 Bd7 13. Qb2 O-O-O 14. Rb1 b6 15.
Be3 Rdg8 16. Kd2 g6 17. hxg6 fxg6 18. Be2 Nf5 19. Bf2 h5 20. Rh3 Rf8 21. Rbh1 {
Diagrama #} Rhg8 (21... Nh6) 22. Ng5 Nh6 23. Nh7 Rf5 (23... Rf7) 24. Nf6 Rf8
25. g4 $14 Nxg4 26. Bxg4 hxg4 27. Rh8 Rd8 28. Rxd8+ Nxd8 29. Rh7 Bc6 30. Be3 g3
31. Rg7 $6 (31. Rh3) 31... g5 $2 (31... Be8 32. Nxe8 (32. Qb4 Qxb4 33. cxb4 Bf7
34. Ke2 g2 35. Kf3 g5 $14)) 32. Rxg5 Rxg5 33. fxg5 $16 Be8 34. Qb4 Qxb4 35.
cxb4 Bg6 36. c3 Nf7 37. Ke2 Bd3+ 38. Kf3 g2 39. Kxg2 Kd8 40. Kg3 Ke7 41. Kh4
Bg6 42. Nh5 Nd8 43. Nf4 Kf7 44. b5 Nb7 45. a4 Nd8 (45... Na5) 46. Bc1 $18 Bc2
47. Kg4 Kg7 (47... Bxa4 48. g6+ Kg7 49. Kg5 Nf7+ 50. gxf7 Kxf7 51. Kh6 Bxb5 52.
Nh3 $18) 48. g6 Bxa4 49. Kg5 Nf7+ 50. gxf7 Kxf7 51. Ba3 Bxb5 52. Kh6 a6 53. Nh3
Bd7 54. Ng5+ 1-0

[Event "XXXVII Abierto Internacional "]
[Site "Sevilla (SPAIN)"]
[Date "2012.01.13"]
[Round "7"]
[White "Saric, Ante"]
[Black "Teske, Henrik"]
[Result "1/2-1/2"]
[WhiteElo "2528"]
[BlackElo "2550"]
[Annotator "Montecatine,R"]
[PlyCount "60"]
[EventDate "2012.01.07"]
[SourceDate "2012.01.07"]

1. d4 Nf6 2. c4 e6 3. Nf3 d5 4. Nc3 c5 5. cxd5 Nxd5 6. e4 Nxc3 7. bxc3 cxd4 8.
cxd4 Bb4+ 9. Bd2 Bxd2+ 10. Qxd2 O-O 11. Bc4 b6 12. d5 Ba6 13. Bxa6 Nxa6 14. d6
e5 $6 (14... f6) 15. Nxe5 (15. O-O f6 16. Nh4 Nc5 17. f4 exf4 18. Qd5+ Rf7 19.
Nf5 Qf8 20. Rxf4 Rd8 21. e5 g6 22. Ne7+ Kg7 23. Raf1 f5 24. Nc6 Rdd7 25. Nd4
Qb8 26. Ne6+ Nxe6 27. Qxe6 Qb7 28. Rd4 Kf8 29. Rc1 b5 30. Qd5 {
1-0 (30) Moskalenko,V (2490)-Djuric,S (2475)/Holguin 1989}) 15... Qf6 16. f4
Nc5 17. O-O Rad8 (17... Nxe4 18. Qd5 Nc5 19. Nc6 $16) 18. Rad1 Nxe4 19. Qd4 Nc5
(19... Nxd6 $2 20. Nc6 Rd7 21. Qxf6 gxf6 22. Rd2 Re8 23. f5 $18) 20. Nc6 $6 (
20. d7 $16) 20... Qxd4+ 21. Rxd4 Rd7 $14 22. Re1 f6 23. Re7 Rf7 24. Re8+ Rf8
25. Re7 Rf7 26. Re3 Nb7 27. Re8+ Rf8 28. Re7 Rf7 {Diagrama #} 29. Re8+ (29. f5
g6 30. Re6 Nc5 31. g4 $14) 29... Rf8 30. Re7 Rf7 1/2-1/2

[Event "XXXVII Abierto Internacional "]
[Site "Sevilla (SPAIN)"]
[Date "2012.01.13"]
[Round "7"]
[White "Van Der Weide, Karel"]
[Black "Haslinger, Stewart G"]
[Result "1/2-1/2"]
[WhiteElo "2445"]
[BlackElo "2534"]
[Annotator "Montecatine,R"]
[PlyCount "48"]
[EventDate "2012.01.07"]
[SourceDate "2012.01.07"]

1. e4 e5 2. Nf3 Nc6 3. d4 exd4 4. Nxd4 Nf6 5. Nxc6 bxc6 6. e5 Qe7 7. Qe2 Nd5 8.
c4 Nb6 9. Nc3 Qe6 10. Qe4 d5 11. exd6 Qxe4+ 12. Nxe4 cxd6 13. Be3 Bf5 14. Nc3
Be6 15. b3 d5 16. cxd5 (16. c5 Nd7 17. b4 a5 18. b5 Nxc5 19. bxc6 Ne4 20. Nxe4
dxe4 21. Bb5 Bb4+ 22. Ke2 Ke7 23. a4 Bd6 24. Rac1 Bc7 25. Bc5+ Kf6 26. Ke3 Rhe8
27. Rhd1 Rad8 28. g3 Kf5 29. Rd4 Rd5 30. Rxd5+ Bxd5 31. Bd4 g6 32. Bc4 Ke6 33.
Bb5 Kf5 34. Ke2 Ke6 35. Be3 Rc8 36. Ba6 Ra8 37. Bb7 Re8 38. Bf4 Bb6 39. Ba6 Ra8
40. Bb5 f6 41. c7 Bb7 42. Bc4+ Kd7 43. Rb1 Kc6 44. Bb5+ Kd5 45. Rd1+ Ke6 46.
Rd6+ {
1-0 (46) Reinaldo Castineira,R (2441)-Sanchez Juncal,B (2209)/Sanxenxo 2006})
16... Nxd5 17. Nxd5 Bxd5 18. f3 a5 19. Kf2 Be7 20. Bc4 a4 21. Bxd5 cxd5 22.
Rhd1 axb3 23. axb3 Rxa1 24. Rxa1 Kd7 {Diagrama #} 1/2-1/2

[Event "XXXVII Abierto Internacional "]
[Site "Sevilla (SPAIN)"]
[Date "2012.01.13"]
[Round "7"]
[White "Rizouk, Aimen"]
[Black "Herraiz Hidalgo, Herminio"]
[Result "1/2-1/2"]
[WhiteElo "2539"]
[BlackElo "2469"]
[Annotator "Montecatine,R"]
[PlyCount "36"]
[EventDate "2012.01.07"]
[SourceDate "2012.01.07"]

1. e4 e6 2. d4 d5 3. Nd2 c5 4. Ngf3 Nc6 5. exd5 exd5 6. Bb5 Bd6 7. dxc5 Bxc5 8.
Nb3 Bd6 9. O-O Nge7 10. Re1 O-O 11. Bd3 h6 12. h3 Nf5 13. c3 Qf6 14. Bc2 Rd8
15. Qd3 g6 16. Nbd4 (16. Qd2 Bf8 17. Qe2 Bg7 18. Bxf5 Bxf5 19. Be3 Be4 20. Nfd4
Ne5 21. Rad1 Nc4 22. Bc1 Rac8 23. Nd2 Nd6 24. Nxe4 dxe4 25. Nb5 Nxb5 26. Rxd8+
Rxd8 27. Qxb5 Qc6 28. Qa5 Qb6 29. Qxb6 axb6 30. f3 exf3 31. gxf3 f5 32. Be3 b5
33. Bc5 Bf8 34. Bxf8 Kxf8 35. Re6 Rd1+ 36. Kf2 Rd2+ 37. Ke3 Rxb2 38. Rxg6 Rxa2
39. Rxh6 Ra3 40. Rb6 Rxc3+ 41. Kf4 Rc4+ 42. Kg5 Rc3 43. Rf6+ Kg8 44. Rxf5 b4
45. Kg4 Rc1 46. Rb5 Rb1 47. f4 b3 48. Kf5 b2 49. Rxb7 Rh1 50. Rxb2 Rxh3 51. Kg6
Rg3+ 52. Kf6 Rf3 53. Rb8+ Kh7 54. f5 Rf1 55. Re8 Rf2 56. Re5 Kg8 57. Rd5 Rf1
58. Rd8+ Kh7 59. Ke6 Kg7 60. Rd7+ Kg8 61. Kf6 Rf2 62. Rg7+ Kf8 63. Rc7 Kg8 64.
Rc8+ Kh7 65. Ke6 Kg7 66. Rc7+ Kg8 67. Rc4 Re2+ 68. Kf6 Rf2 69. Rg4+ Kf8 70. Kg6
Kg8 71. Rd4 Rg2+ 72. Kf6 Rf2 73. Rd5 Rf1 74. Re5 Kf8 75. Rd5 {
1/2-1/2 (75) Kosteniuk,A (2451)-Mkrtchian,L (2413)/Plovdiv 2003}) 16... Nfxd4
17. Nxd4 Nxd4 18. Qxd4 Qxd4 {Diagrama #} 1/2-1/2

[Event "XXXVII Abierto Internacional "]
[Site "Sevilla (SPAIN)"]
[Date "2012.01.13"]
[Round "7"]
[White "Sengupta, Deep"]
[Black "Das, Arghyadip"]
[Result "1/2-1/2"]
[WhiteElo "2562"]
[BlackElo "2459"]
[Annotator "Montecatine,R"]
[PlyCount "41"]
[EventDate "2012.01.07"]
[SourceDate "2012.01.07"]

1. d4 d5 2. c4 c6 3. Nf3 Nf6 4. cxd5 cxd5 5. Nc3 Nc6 6. Bf4 Bf5 7. e3 e6 8. a3
a6 9. Bd3 Bxd3 10. Qxd3 Bd6 11. Bxd6 Qxd6 12. O-O O-O 13. Rac1 Rac8 14. Rc2 Rc7
15. Rfc1 Rfc8 16. Ne2 Ne7 17. h3 (17. Rxc7 Rxc7 18. Rxc7 Qxc7 19. Qc3 Qc6 20.
Qxc6 Nxc6 21. Nc3 Kf8 22. Kf1 Ke7 23. Ke2 b5 24. b4 Kd6 25. Kd3 Ng4 26. Ke2 Nf6
27. Kd3 Ng4 28. Ke2 Nf6 {
1/2-1/2 (28) Amjad,A (2252)-Mohammed,E (2222)/Bagdad 2010}) 17... h6 18. Rxc7
Rxc7 19. Rxc7 Qxc7 20. Qc3 Qxc3 21. Nxc3 {Diagrama #} 1/2-1/2